| 000 | 00524nam a2200169Ia 4500 | ||
|---|---|---|---|
| 008 | 260520s2025 xx 000 0 und d | ||
| 020 | _a978-81-19812-48-6 | ||
| 041 | _amar | ||
| 082 | _a923.1/SAM/UDA | ||
| 100 | _aउदावंत, सु स | ||
| 245 | _aश्री शंभूछत्रपती स्मारक ग्रंथ | ||
| 250 | _a2nd ed | ||
| 260 |
_aपुणे _bमधुश्री प्रकाशन _c2025 |
||
| 300 | _a152p. | ||
| 500 | _aCat No: 15026 | ||
| 650 | _aBIOGRAPHIES | ||
| 999 |
_c1221833 _d1221833 |
||